Reformas estructurales y composición de las emisiones contaminantes industriales : resultados para México /
Obra que sostiene que la reforma económica puesta en marcha por México para incrementar la eficiencia productiva y conseguir un crecimiento sostenido, ha redundado también en una modificación de la estructura productiva, que se ha orientado hacia actividades menos contaminantes. Se aborda, en partic...
保存先:
| 第一著者: | |
|---|---|
| フォーマット: | 図書 |
| 言語: | スペイン語 |
| 出版事項: |
Santiago, Chile :
ONU : Comisión Económica para América Latina y el Caribe,
2000, c2000
|
| シリーズ: | (Medio Ambiente y Desarrollo ;
24) |
| 主題: | |
| タグ: |
タグなし, このレコードへの初めてのタグを付けませんか!
|
MARC
| LEADER | 00000nam^a2200000^a^4500 | ||
|---|---|---|---|
| 001 | 000138316 | ||
| 005 | 20250521000000.0 | ||
| 009 | 20260310095425.47 | ||
| 020 | |a 92-1-321598-3 | ||
| 037 | |a Acervo ITESO - Biblioteca | ||
| 041 | |a ESP | ||
| 082 | |a 333. 70972 |b ARO | ||
| 100 | |a Aroche Reyes, Fidel |e (autor) | ||
| 245 | 1 | 0 | |a Reformas estructurales y composición de las emisiones contaminantes industriales : |b resultados para México / |c F. Aroche Reyes. |
| 264 | 4 | |a Santiago, Chile : |b ONU : |b Comisión Económica para América Latina y el Caribe, |c 2000, c2000 | |
| 300 | |a 42 p. | ||
| 336 | |a texto |b txt |2 rdacontenido | ||
| 337 | |a sin mediación |b n |2 rdamedio | ||
| 338 | |a volumen |b nc |2 rdasoporte | ||
| 440 | 1 | |a (Medio Ambiente y Desarrollo ; |v 24) | |
| 520 | |a Obra que sostiene que la reforma económica puesta en marcha por México para incrementar la eficiencia productiva y conseguir un crecimiento sostenido, ha redundado también en una modificación de la estructura productiva, que se ha orientado hacia actividades menos contaminantes. Se aborda, en particular, el caso de la industria manufacturera. | ||
| 649 | |a XX | ||
| 650 | |a Industria Manufacturera - |z México | ||
| 650 | |a Desechos Industriales - |z México | ||
| 650 | |a Contaminación Ambiental - |z México | ||
| 650 | |a Impacto Ambiental - |z México | ||
| 650 | |a Desarrollo Económico-Social - |z México | ||
| 650 | |a Desarrollo Sustentable - |z México | ||
| 650 | |a Conservación y Protección Ambiental - |z México | ||
| 650 | |a Reforma Económica - |z México | ||
| 650 | |a Política Económica - |z México | ||
| 650 | |a Política Ambiental - |z México | ||
| 650 | |a Ecología - |z México | ||
| 650 | |a Economía - |z México | ||
| 910 | |a Fondo General | ||
| 920 | |a Impresos - Libros | ||
| 930 | |a Colección General | ||
| 905 | |a 101 | ||
| 901 | |a 0500067730 |b IT1 |c ACC |u 20250521 | ||
| 902 | |a https://opac.biblio.iteso.mx/vufind/Record/000138316 | ||